| 000 | 00350cam a22001337a 4500 | ||
|---|---|---|---|
| 008 | 180718b1958 xxu||||| |||| 00| 0 eng d | ||
| 082 | _aP955 F789 | ||
| 100 | _aFoskett, D.J. | ||
| 245 |
_aInformation service in libraries _cby D.J. Foskett |
||
| 260 |
_aLondon _bLookwood _c1958 |
||
| 300 | _a142p. | ||
| 500 | _a13/6 | ||
| 650 | _aInformation Services | ||
| 999 |
_c365702 _d365702 |
||